000 00326nam a2200145Ia 4500
008 191201s2007 xx 000 0 und d
082 _a658.83
_bAAM
100 _aKUMAR, Aaker
245 0 _aMarketing Research
250 _a7th
260 _aN.Delhi
_bWarner Books
_c2007
300 _a751
650 _aMBA
942 _2ddc
_cBK
999 _c2849
_d2849